Kraje Które nie znasz - Statystyki

Ogólne statystyki
  • Ten quiz został rozwiązany 68 razy
  • Średni wynik to 7 z 15
Statystyki odpowiedzi
Hint Odpowiedź % Poprawnych
Zł to jego waluta Polska
98%
Pizza Włochy
75%
Ma liść klonu Kanada
68%
Ronaldo Cristiano Portugalia
68%
Jest wyspą dani Grenlandia
63%
BTS Korea Południowa
50%
Najstarsze państwo Egipt
47%
Graniczy z Burkina Faso Benin i Ghana Togo
45%
Nie skolonizowany kraj z Afryki Etiopia
32%
Nie skolonizowany kraj z Afryki 2 Liberia
28%
Ma najwięcej koloru fioletowego Dominika
23%
Choroba Katar
23%
Państwo z grzechotnikiem Meksyk
17%
Najmodniejsze państwo Sudan Południowy
12%
Podobne do cokaina Wyspy Cooka
2%
Nie znaleziono quizów pasujących do podanych kryteriów
Rozkład punktacji
Procent ludzi z każdym wynikiem
Percentyl według liczby udzielonych odpowiedzi
Twoja historia wyników
Nie rozwiązałeś tego quizu